| 000 | 00867cam a2200265 i 4500 | ||
|---|---|---|---|
| 001 | 55871 | ||
| 003 | Mx-PuUPA | ||
| 005 | 20221111152749.0 | ||
| 008 | 140415s2008 mx a r 000 0 spa d | ||
| 020 | _a9789707293489 | ||
| 040 |
_aMX-PuUPA _bspa _erda _cMx-PuUPA _dMx-PuUPA |
||
| 041 | _aspa | ||
| 100 | 1 |
_aMacouzet Olivar, Carlos, _eautor _94943 |
|
| 245 | 1 | 0 |
_aAnestesia local en odontología / _cCarlos Macouzet Olivar. |
| 250 | _aSegunda edición | ||
| 264 | 1 |
_aMéxico, D.F. : _bManual Moderno, _c2008 |
|
| 300 |
_axi, 195 páginas : _bilustraciones (blanco y negro) ; _c23 cm. |
||
| 336 |
_atexto _2rdacontent _btxt |
||
| 337 |
_asin mediación _2rdamedia _bn |
||
| 338 |
_avolumen _2rdacarrier _bnc |
||
| 650 | 7 |
_aAnestesia en odontología _2armarc |
|
| 942 |
_2ddc _cLI _h617.9676 _iMAC |
||
| 999 |
_c55871 _d55871 |
||